[Event "SV Eichlinghofen 1 - SV Bönen 1"]
[Site "Verbandsliga, Gruppe 1 2017/2"]
[Date "2018.02.04"]
[Round "6.4"]
[White "Dreier, Daniel"]
[Black "Merz, Martin"]
[Result "0-1"]
[WhiteElo "1979"]
[BlackElo "1979"]
[PlyCount "62"]
[EventDate "2018.??.??"]

1. d4 d5 2. Nf3 Nf6 3. c4 e6 4. Nc3 Be7 5. g3 O-O 6. Bg2 Nbd7 7. O-O dxc4 8. e4
Nb6 9. e5 Nfd5 10. Ne4 h6 11. g4 f6 12. exf6 Nxf6 13. Ne5 Qe8 14. Qc2 Bd6 15.
g5 Bxe5 16. dxe5 Nxe4 17. Bxe4 Qh5 18. gxh6 gxh6 19. a4 Kh8 20. Ra3 Bd7 21.
Bxb7 Rab8 22. Bg2 Bxa4 23. Qe4 Bb3 24. Rxa7 Nd5 25. Qd4 Rg8 26. Bf4 Qg4 27. Qe4
Nxf4 28. Rxc7 Qxg2+ 29. Qxg2 Rxg2+ 30. Kh1 Rbg8 31. h4 R2g4 0-1

[Event "SV Eichlinghofen 1 - SV Bönen 1"]
[Site "Verbandsliga, Gruppe 1 2017/2"]
[Date "2018.02.04"]
[Round "6.5"]
[White "Schoetz, Hans-Joachim"]
[Black "Wloka, Sebastian"]
[Result "0-1"]
[WhiteElo "1913"]
[BlackElo "1891"]
[PlyCount "53"]
[EventDate "2018.??.??"]

1. e4 c5 2. Nf3 Nc6 3. d4 cxd4 4. Nxd4 g6 5. Nc3 Bg7 6. Be3 Nf6 7. f3 O-O 8.
Qd2 d5 9. Nxc6 bxc6 10. O-O-O Qa5 11. Kb1 Rb8 12. e5 Nd7 13. f4 Qb4 14. b3 Nb6
15. Qd4 Nc4 16. Bxc4 dxc4 17. a3 Qxa3 18. Qxc4 Bf5 19. Ne4 Rb4 20. Bc1 Rxc4 21.
Bxa3 Rxe4 22. g3 Re2 23. Rc1 Rb8 24. Kb2 f6 25. Rhe1 Rxe1 26. Rxe1 fxe5 27.
fxe5 0-1

[Event "SV Eichlinghofen 1 - SV Bönen 1"]
[Site "Verbandsliga, Gruppe 1 2017/2"]
[Date "2018.02.04"]
[Round "6.6"]
[White "Brockmann, Michael"]
[Black "Helmert, Jochen"]
[Result "1/2-1/2"]
[WhiteElo "1964"]
[BlackElo "1875"]
[PlyCount "81"]
[EventDate "2018.??.??"]

1. d4 Nf6 2. c4 e6 3. Nf3 Bb4+ 4. Bd2 Qe7 5. Nc3 Bxc3 6. Bxc3 Ne4 7. e3 O-O 8.
Qc2 Nxc3 9. Qxc3 d6 10. e4 a5 11. Bd3 Nc6 12. e5 dxe5 13. dxe5 Qb4 14. Rc1 Rd8
15. a3 Qxc3+ 16. Rxc3 a4 17. Ke2 Ra5 18. Rd1 Kf8 19. c5 Ne7 20. Bc2 Nd5 21. Rc4
b6 22. Rxa4 Rxc5 23. Rd2 Bd7 24. Rad4 Bb5+ 25. Kd1 h6 26. g3 Ra8 27. Kc1 Rc4
28. Rxc4 Bxc4 29. b3 Ba6 30. Kb2 c5 31. Be4 Bb7 32. Ne1 Rd8 33. Nc2 Ke7 34. a4
Ba6 35. Na3 Nb4 36. Rxd8 Kxd8 37. Kc3 Nd5+ 38. Kd2 Kd7 39. f4 Nc7 40. Bd3 Bxd3
41. Kxd3 1/2-1/2

[Event "SV Eichlinghofen 1 - SV Bönen 1"]
[Site "Verbandsliga, Gruppe 1 2017/2"]
[Date "2018.02.04"]
[Round "6.7"]
[White "Schuetz, Ralf"]
[Black "Dekhtyaryuk, Dimitri"]
[Result "0-1"]
[WhiteElo "1814"]
[BlackElo "1848"]
[PlyCount "68"]
[EventDate "2018.??.??"]

1. d4 Nf6 2. c4 c5 3. d5 b5 4. cxb5 a6 5. e3 d6 6. Nc3 g6 7. bxa6 Bxa6 8. Bxa6
Rxa6 9. Nf3 Bg7 10. O-O O-O 11. Qd3 Rb6 12. h3 Na6 13. a3 Qd7 14. Nd2 Nc7 15.
Nc4 Rbb8 16. e4 Nb5 17. Nxb5 Rxb5 18. a4 Rb4 19. Bd2 Rb7 20. Bc3 Ra8 21. Qc2
Ra6 22. Ra3 e6 23. Ne3 Rba7 24. a5 Qc7 25. Rd1 Nh5 26. Bxg7 Nxg7 27. Nc4 exd5
28. exd5 Nf5 29. Qe4 Nd4 30. Qe8+ Kg7 31. Qa4 Qb7 32. Re3 Qxd5 33. b4 Qxc4 34.
Red3 Rb7 0-1

[Event "SV Eichlinghofen 1 - SV Bönen 1"]
[Site "Verbandsliga, Gruppe 1 2017/2"]
[Date "2018.02.04"]
[Round "6.8"]
[White "Gitschel, Ralf"]
[Black "Volling, Andreas"]
[Result "1-0"]
[WhiteElo "1855"]
[BlackElo "1841"]
[PlyCount "61"]
[EventDate "2018.??.??"]

1. g3 d5 2. d4 Nf6 3. Bg2 e6 4. Nf3 Be7 5. O-O O-O 6. Nbd2 c6 7. Re1 Nbd7 8. e4
dxe4 9. Nxe4 Nxe4 10. Rxe4 Nf6 11. Re2 Qb6 12. b3 Nd5 13. Bb2 Bf6 14. Ne5 Rd8
15. Qe1 a5 16. Rd1 Qc7 17. c4 Nb6 18. h3 Bxe5 19. Rxe5 a4 20. Rh5 axb3 21. axb3
Bd7 22. Be4 f5 23. Bb1 h6 24. d5 cxd5 25. Be5 Qc6 26. Bd4 Be8 27. Qe5 Rd7 28.
Rxh6 dxc4 29. Rxe6 Qc8 30. Rxb6 c3 31. Qxf5 1-0

[Event "SV Hamm 1 - SK Holsterhausen 1"]
[Site "Verbandsliga, Gruppe 2 2017/2"]
[Date "2018.02.04"]
[Round "6.2"]
[White "Voss, Hubertus"]
[Black "Kortenbusch, Christoph"]
[Result "1/2-1/2"]
[WhiteElo "2089"]
[BlackElo "2066"]
[PlyCount "114"]
[EventDate "2018.??.??"]

1. e4 c5 2. Nf3 d6 3. Bb5+ Bd7 4. Bxd7+ Qxd7 5. O-O Nc6 6. c3 Nf6 7. Re1 e6 8.
d3 Be7 9. Bg5 h6 10. Bxf6 Bxf6 11. d4 d5 12. dxc5 dxe4 13. Qxd7+ Kxd7 14. Rxe4
Rhc8 15. Nbd2 Be7 16. Nb3 a5 17. a4 Rab8 18. Nfd4 b6 19. cxb6 Rxb6 20. Nb5 e5
21. Rd1+ Ke6 22. Re2 f5 23. N3d4+ Kf6 24. Nxc6 Rcxc6 25. Rd5 Rc4 26. Rexe5 Rxa4
27. Rxf5+ Kg6 28. g3 Ra2 29. b3 Bf6 30. c4 a4 31. bxa4 Rxa4 32. Rf4 Ra1+ 33.
Kg2 Rc1 34. h4 Rc6 35. Nd6 Rc7 36. Re4 Rc6 37. Re8 Rc7 38. Re4 Rc6 39. Re6
R1xc4 40. h5+ Kh7 41. Rxf6 gxf6 42. Nxc4 Rxc4 43. Rd7+ Kg8 44. Kh3 Ra4 45. f3
Rb4 46. Re7 Rb5 47. Kh4 Rf5 48. f4 Ra5 49. Re3 Kf7 50. g4 Ra4 51. Kg3 Rb4 52.
Rd3 Ra4 53. Kf3 Ra7 54. Ke4 Rb7 55. Rd4 Ra7 56. Rd5 Rb7 57. Kf5 Ra7 1/2-1/2

[Event "SV Hamm 1 - SK Holsterhausen 1"]
[Site "Verbandsliga, Gruppe 2 2017/2"]
[Date "2018.02.04"]
[Round "6.3"]
[White "Schwalen, Peter"]
[Black "Schlaap, Ralf"]
[Result "1-0"]
[WhiteElo "2042"]
[BlackElo "2072"]
[PlyCount "85"]
[EventDate "2018.??.??"]

1. e4 c5 2. d3 Nc6 3. g3 e6 4. Bg2 Nf6 5. Nf3 d5 6. Nbd2 Be7 7. O-O O-O 8. Re1
Qc7 9. e5 Nd7 10. Qe2 b5 11. Nf1 a5 12. Bf4 Ba6 13. Ne3 Rfc8 14. Nxd5 exd5 15.
e6 Qd8 16. exd7 Qxd7 17. Ne5 Qe6 18. Nxc6 Rxc6 19. Qf3 Qf6 20. Qxd5 Rac8 21.
Qd7 Re6 22. Rxe6 Qxe6 23. Qxe6 fxe6 24. Re1 Kf7 25. Be5 b4 26. b3 Bf6 27. f4
Bxe5 28. Rxe5 Kf6 29. Kf2 Rc7 30. Be4 g6 31. Ke1 Ke7 32. Kd2 Kd6 33. d4 Bc8 34.
h4 Bd7 35. dxc5+ Rxc5 36. Rxc5 Kxc5 37. c3 Be8 38. h5 Bf7 39. Kd3 Be8 40. c4
Bf7 41. h6 Be8 42. Ke3 Bf7 43. Bc2 1-0

[Event "SV Hamm 1 - SK Holsterhausen 1"]
[Site "Verbandsliga, Gruppe 2 2017/2"]
[Date "2018.02.04"]
[Round "6.4"]
[White "Dukic, Dalibor"]
[Black "Bobzin, Pierre"]
[Result "0-1"]
[WhiteElo "2040"]
[BlackElo "2049"]
[PlyCount "96"]
[EventDate "2018.??.??"]

1. c4 Nf6 2. Nc3 d6 3. g3 e5 4. Bg2 Nbd7 5. Nf3 g6 6. d4 Bg7 7. dxe5 dxe5 8.
Qc2 O-O 9. O-O c6 10. Rd1 Qc7 11. b3 Re8 12. Ba3 Bf8 13. Bxf8 Nxf8 14. Ng5 Ne6
15. Nge4 Nxe4 16. Nxe4 Kg7 17. Qb2 f6 18. Rd2 Rd8 19. Rad1 Rxd2 20. Qxd2 a5 21.
e3 Kf7 22. f4 exf4 23. gxf4 Qe7 24. Nd6+ Kg8 25. e4 Ng7 26. Qd4 Bg4 27. Rd2 Ne6
28. Qf2 c5 29. e5 fxe5 30. fxe5 Nd4 31. Bd5+ Kg7 32. Qf6+ Qxf6 33. exf6+ Kxf6
34. Nxb7 Rc8 35. Nd6 Rd8 36. Ne4+ Ke5 37. Ng5 Kf4 38. h4 Kg3 39. Rd3+ Kxh4 40.
Nxh7 Re8 41. Rd2 Bh3 42. Kh2 Re5 43. Rf2 g5 44. Nf8 Bf5 45. Kg1 Ne2+ 46. Kf1
Nf4 47. Rd2 Re8 48. Rh2+ Kg3 0-1

[Event "SV Hamm 1 - SK Holsterhausen 1"]
[Site "Verbandsliga, Gruppe 2 2017/2"]
[Date "2018.02.04"]
[Round "6.5"]
[White "Warmbier, Robert"]
[Black "Hufelschulte, Norbert"]
[Result "1-0"]
[WhiteElo "1867"]
[BlackElo "2021"]
[PlyCount "107"]
[EventDate "2018.??.??"]

1. e4 c5 2. b3 d6 3. Bb2 Nc6 4. Nc3 e5 5. Nf3 g6 6. h3 Bg7 7. Bc4 Nf6 8. Ng5
O-O 9. O-O Qe7 10. f4 Be6 11. Nd5 Bxd5 12. exd5 Na5 13. fxe5 Nd7 14. Nxf7 Nxc4
15. bxc4 dxe5 16. d6 Qh4 17. Qf3 e4 18. Qb3 Rxf7 19. Rxf7 Bxb2 20. Raf1 Bd4+
21. Kh1 Ne5 22. Qxb7 Nxf7 23. Qxa8+ Nd8 24. Qd5+ Kg7 25. c3 Bf6 26. Qxc5 Ne6
27. Qxa7+ Kh6 28. Qf7 Nf4 29. Qf8+ Kh5 30. Qc8 Qg3 31. Qc5+ g5 32. Qf2 Qxf2 33.
Rxf2 Kg6 34. Rf1 Ne6 35. g4 Be5 36. d7 Bc7 37. Rf5 h6 38. Kg1 Kg7 39. c5 Nd8
40. Kf2 Nc6 41. Ke3 Ne7 42. Rf1 Nd5+ 43. Kxe4 Nf4 44. h4 Kf6 45. hxg5+ hxg5 46.
Rh1 Ke6 47. c6 Nd5 48. Rh8 Nf6+ 49. Kd4 Ke7 50. Kc4 Nxg4 51. Re8+ Kd6 52. d8=Q+
Bxd8 53. Rxd8+ Kxc6 54. Rd5 1-0

[Event "SV Hamm 1 - SK Holsterhausen 1"]
[Site "Verbandsliga, Gruppe 2 2017/2"]
[Date "2018.02.04"]
[Round "6.6"]
[White "Sievert, Jan-Thorwald"]
[Black "Krieglstein, Marcel"]
[Result "1-0"]
[WhiteElo "1985"]
[BlackElo "1829"]
[PlyCount "89"]
[EventDate "2018.??.??"]

1. d4 f5 2. c4 Nf6 3. Nc3 e6 4. g3 d5 5. Bg2 c6 6. Nf3 Bd6 7. O-O Nbd7 8. Qc2
O-O 9. cxd5 cxd5 10. Nb5 Bb8 11. Bf4 Bxf4 12. gxf4 Nb6 13. Ne5 Bd7 14. Nd6 Ba4
15. Qc5 Nfd7 16. Nxb7 Qb8 17. Nxd7 Nxd7 18. Qa3 Bb5 19. Nd6 Bxe2 20. Rfe1 Bh5
21. Rxe6 Nb6 22. b3 Qd8 23. Rae1 a5 24. Qc5 a4 25. Nb7 Nd7 26. Qd6 Qc8 27. Re7
Nf6 28. Rc7 Qb8 29. Ree7 Bf7 30. Rc1 axb3 31. axb3 Rc8 32. Rec7 Rxc7 33. Qxc7
Qe8 34. Nd6 Qf8 35. b4 Bh5 36. Nxf5 Ne4 37. Qe5 Bg6 38. Qxd5+ Kh8 39. Bxe4 Rd8
40. Qe5 Re8 41. Qc5 Qxc5 42. Rxc5 Rxe4 43. Rc8+ Re8 44. Rxe8+ Bxe8 45. Nd6 1-0

[Event "SV Hamm 1 - SK Holsterhausen 1"]
[Site "Verbandsliga, Gruppe 2 2017/2"]
[Date "2018.02.04"]
[Round "6.7"]
[White "Payes, Marco"]
[Black "Vierbuchen, Joachim"]
[Result "1/2-1/2"]
[WhiteElo "1361"]
[BlackElo "1884"]
[PlyCount "59"]
[EventDate "2018.??.??"]

1. d4 g6 2. Bf4 Bg7 3. Nf3 d6 4. e3 a6 5. Be2 Nd7 6. O-O c6 7. Nbd2 b5 8. a4
Bb7 9. c4 b4 10. a5 e5 11. Bg3 c5 12. Nb3 Qe7 13. dxc5 dxc5 14. Qc2 Nh6 15. h3
O-O 16. e4 f6 17. Rfd1 Rfd8 18. Rd2 Nf7 19. Rad1 Bh6 20. Rd5 Bxd5 21. cxd5 Nd6
22. Nfd2 Bxd2 23. Nxd2 Nb5 24. Nf3 Kg7 25. Qa4 Nd6 26. Nd2 g5 27. f3 Nf8 28.
Rc1 Rdc8 29. Bf2 Qc7 30. Rxc5 1/2-1/2

[Event "SV Hamm 1 - SK Holsterhausen 1"]
[Site "Verbandsliga, Gruppe 2 2017/2"]
[Date "2018.02.04"]
[Round "6.8"]
[White "Bachmann, Rolf"]
[Black "Chamsaz, Behzad"]
[Result "1-0"]
[WhiteElo "1799"]
[BlackElo "1235"]
[PlyCount "61"]
[EventDate "2018.??.??"]

1. d4 d5 2. Nf3 Nc6 3. Bf4 e6 4. c4 Nf6 5. e3 Be7 6. Nc3 O-O 7. h3 b6 8. a3 a6
9. Rc1 Bb7 10. b4 dxc4 11. Bxc4 b5 12. Bd3 h6 13. O-O Bd6 14. Ne5 Ne7 15. Bh2
Ned5 16. Nxd5 Bxd5 17. Re1 Be4 18. Bxe4 Nxe4 19. Qf3 f5 20. Nd3 Qh4 21. Rc6 Nd2
22. Qe2 Nc4 23. Nc5 e5 24. dxe5 Nxe5 25. Bxe5 Bxe5 26. Nd7 Rfe8 27. Nxe5 Rxe5
28. Rxc7 f4 29. Qa2+ Kh7 30. Qf7 Qf6 31. Qxf6 1-0

[Event "SV Recklinghausen-Süd 1 - SC Mülheim "]
[Site "Verbandsliga, Gruppe 2 2017/2"]
[Date "2018.02.04"]
[Round "6.1"]
[White "Viebahn, Dirk"]
[Black "Beckmann, Klaus"]
[Result "1/2-1/2"]
[WhiteElo "2094"]
[BlackElo "2152"]
[PlyCount "120"]
[EventDate "2018.??.??"]

1. e4 g6 2. d4 Bg7 3. Nf3 d6 4. Nc3 a6 5. a4 Nf6 6. h3 O-O 7. Bg5 b6 8. Bd3 c5
9. dxc5 bxc5 10. O-O Nbd7 11. Qd2 Bb7 12. Rfe1 Rb8 13. Bh6 Qc7 14. Bxg7 Kxg7
15. b3 Ne5 16. Nxe5 dxe5 17. Nd5 Nxd5 18. exd5 Bxd5 19. Bxa6 Rfd8 20. Qc3 f6
21. Bf1 Ba8 22. a5 Rd4 23. a6 Rbb4 24. Qg3 Rb6 25. Re3 Rbd6 26. Rd3 Qc6 27.
Rxd4 exd4 28. a7 e5 29. f3 Rd7 30. Qh4 c4 31. Bxc4 Qc5 32. Kh2 Rxa7 33. Rxa7+
Qxa7 34. Qg4 f5 35. Qg5 Qc7 36. Qg3 h6 37. Kh1 Qe7 38. Qf2 Qd6 39. Qg3 g5 40.
h4 g4 41. Qe1 Qc5 42. fxg4 f4 43. Qf2 Qa5 44. g5 Qc3 45. Kh2 h5 46. Bd3 Qc7 47.
Kg1 Qc5 48. Kh2 Qd6 49. Be2 e4 50. Kg1 Kg6 51. Bc4 Qe5 52. Qe2 Qa5 53. Bd3 Qe5
54. Bc4 Qa5 55. Bd3 Qd5 56. Bc4 Qc6 57. Qf2 Qd6 58. Qd2 Bc6 59. Qe1 Qc5 60. Qf2
Qe5 1/2-1/2

[Event "SV Recklinghausen-Süd 1 - SC Mülheim "]
[Site "Verbandsliga, Gruppe 2 2017/2"]
[Date "2018.02.04"]
[Round "6.2"]
[White "Herud, Martin"]
[Black "Riese, Manfred"]
[Result "1/2-1/2"]
[WhiteElo "1985"]
[BlackElo "1815"]
[Annotator "Ralf,Callenberg"]
[PlyCount "87"]
[EventDate "2018.??.??"]

1. e4 {[%emt 0:00:00]} 1... d6 2. d4 Nf6 3. Nc3 c6 4. Bg5 Qa5 5. Qd2 a6 6.
O-O-O Nbd7 7. f4 b5 8. e5 b4 9. exf6 bxc3 10. Qxc3 Qxc3 11. bxc3 gxf6 12. Bh4
Bh6 13. g3 Rb8 14. Bg2 Rb6 15. Nh3 O-O 16. Kd2 e5 17. Rb1 Kg7 18. g4 exf4 19.
g5 fxg5 20. Bxg5 Bxg5 21. Nxg5 c5 22. Rhg1 Rxb1 23. Rxb1 Nf6 24. Rb6 Rd8 25.
Rb8 Re8 26. Bh3 h6 27. Rxc8 hxg5 28. Rxe8 Nxe8 29. Bf1 a5 30. Kd3 cxd4 31. cxd4
Nc7 32. c4 Kf6 33. Ke4 Ke6 34. Bh3+ Ke7 35. Bg4 Ne8 36. Kf5 f6 37. h4 gxh4 38.
Kxf4 Ng7 39. Bc8 f5 40. Kg5 h3 41. Bb7 Ne6+ 42. Kxf5 Nxd4+ 43. Kg4 h2 44. Kh3
1/2-1/2

[Event "SV Recklinghausen-Süd 1 - SC Mülheim "]
[Site "Verbandsliga, Gruppe 2 2017/2"]
[Date "2018.02.04"]
[Round "6.3"]
[White "Stränger, Petra"]
[Black "Callenberg, Ralf"]
[Result "1/2-1/2"]
[WhiteElo "1814"]
[BlackElo "2029"]
[PlyCount "119"]
[EventDate "2018.??.??"]

1. d4 Nf6 2. Nf3 g6 3. c4 Bg7 4. Nc3 d5 5. g3 O-O 6. Bg2 dxc4 7. Ne5 c5 8. dxc5
Qc7 9. Nxc4 Rd8 10. Qb3 Nc6 11. Nb5 Qb8 12. O-O Be6 13. Bf4 Qc8 14. Bxc6 Qxc6
15. Nc7 Bh3 16. f3 Bxf1 17. Kxf1 Nd5 18. Nxa8 Nxf4 19. gxf4 Rxa8 20. Rd1 Qxc5
21. Qxb7 Rc8 22. b3 Bf6 23. Rd5 Qc7 24. Qxc7 Rxc7 25. e4 Bc3 26. Ke2 Kg7 27.
Kd3 e6 28. Rd8 Bf6 29. Rd6 Be7 30. Ra6 Rd7+ 31. Ke2 Kf6 32. Ne5 Rc7 33. Nc4 Bc5
34. Ra4 Bg1 35. h3 Bh2 36. Nd6 Ke7 37. e5 Bg1 38. Kd3 f6 39. Rc4 Rd7 40. Rc8
fxe5 41. fxe5 Rd8 42. Rxd8 Kxd8 43. Kc4 Kc7 44. Ne4 Bh2 45. Ng5 Bxe5 46. Nxe6+
Kd6 47. Nf8 Bf6 48. Nxh7 Be7 49. f4 Ke6 50. Kd4 Kf5 51. Ke3 Bd6 52. Kf3 Bxf4
53. Nf8 Bd6 54. Nxg6 Kxg6 55. Ke4 Bb4 56. Kd5 Kg5 57. Kc6 Kh4 58. Kb7 a5 59.
Kc6 Kxh3 60. Kb5 1/2-1/2

[Event "SV Recklinghausen-Süd 1 - SC Mülheim "]
[Site "Verbandsliga, Gruppe 2 2017/2"]
[Date "2018.02.04"]
[Round "6.4"]
[White "Mecklenburg, Roland"]
[Black "Otto, Michael"]
[Result "1-0"]
[WhiteElo "2010"]
[BlackElo "1707"]
[PlyCount "73"]
[EventDate "2018.??.??"]

1. d4 d5 2. Nf3 g6 3. c4 dxc4 4. e3 Nf6 5. Bxc4 Bg7 6. Nc3 O-O 7. h3 b6 8. Qe2
Bb7 9. O-O e6 10. Rd1 Qe7 11. e4 h6 12. Bf4 a6 13. Rac1 Rd8 14. Rd2 b5 15. Bd3
Nc6 16. Bb1 e5 17. dxe5 Nh5 18. Nd5 Rxd5 19. exd5 Nxf4 20. Qe4 Nxh3+ 21. gxh3
Nxe5 22. Kf1 Qd6 23. Nxe5 Qxe5 24. Re1 Qh5 25. Qg4 Bxd5 26. Qxh5 Bc4+ 27. Bd3
Bxd3+ 28. Rxd3 gxh5 29. Re7 Bxb2 30. Rxc7 b4 31. Rdd7 f5 32. Ra7 Re8 33. Rxa6
Bc3 34. Kg2 Rf8 35. Rg6+ Kh8 36. Rxh6+ Kg8 37. Kf3 1-0

[Event "SV Recklinghausen-Süd 1 - SC Mülheim "]
[Site "Verbandsliga, Gruppe 2 2017/2"]
[Date "2018.02.04"]
[Round "6.5"]
[White "Heinzel, Peter"]
[Black "Parado, Dominador"]
[Result "1-0"]
[WhiteElo "1911"]
[BlackElo "1930"]
[PlyCount "79"]
[EventDate "2018.??.??"]

1. b4 d6 2. Bb2 Nd7 3. e3 Ngf6 4. c4 e5 5. Nc3 g6 6. Nf3 Bg7 7. d3 O-O 8. Be2
Ne8 9. O-O f5 10. Qc2 g5 11. g3 Bf6 12. Nd5 Bg7 13. Ne1 c6 14. Nc3 f4 15. exf4
gxf4 16. Qd1 a5 17. b5 Nc5 18. Bg4 Ne6 19. Nf3 Nf6 20. Bh3 Qe8 21. Ne4 Qe7 22.
a4 c5 23. Ra2 b6 24. Bg2 Ra7 25. Nh4 Nxe4 26. Bxe4 Ng5 27. Bd5+ Be6 28. Qg4
Bxd5 29. cxd5 Qf6 30. Bc1 Raf7 31. gxf4 exf4 32. Re2 Qh6 33. f3 Bd4+ 34. Kh1
Qg7 35. Ng2 h6 36. Nxf4 Be5 37. Nh5 Qh7 38. h4 Qxd3 39. Bxg5 Qxe2 40. Bf6+ 1-0

[Event "SV Recklinghausen-Süd 1 - SC Mülheim "]
[Site "Verbandsliga, Gruppe 2 2017/2"]
[Date "2018.02.04"]
[Round "6.6"]
[White "Hajra, Hetem"]
[Black "Achenbach, Manfred"]
[Result "1-0"]
[WhiteElo "1936"]
[BlackElo "1979"]
[PlyCount "120"]
[EventDate "2018.??.??"]

1. e4 c5 2. f4 e6 3. Nf3 d5 4. e5 Nc6 5. Bb5 Bd7 6. Bxc6 Bxc6 7. O-O Nh6 8. d3
Be7 9. Qe2 O-O 10. c3 Rc8 11. c4 b5 12. Rd1 Nf5 13. cxb5 Bxb5 14. Nc3 Bc6 15.
b3 Qb6 16. Kh1 Qb7 17. Re1 Qa6 18. Bd2 Nd4 19. Nxd4 cxd4 20. Nd1 Bb5 21. Nf2
Ba3 22. Bc1 Bb4 23. Rd1 Bc3 24. Rb1 Rc7 25. a4 Bd7 26. Ba3 Rfc8 27. Bd6 Rc6 28.
Qa2 Rxd6 29. exd6 Qxd6 30. g3 a5 31. Qe2 Qb4 32. Rdc1 h6 33. Ng4 f6 34. Nf2 Re8
35. Qh5 Bd2 36. Rc7 Qd6 37. Rc2 Be3 38. Ng4 Rb8 39. Qg6 Kh8 40. Nxf6 gxf6 41.
Qxh6+ Kg8 42. Qg6+ Kh8 43. Qxf6+ Kg8 44. Qg6+ Kh8 45. f5 Qf8 46. Qh5+ Qh6 47.
Qf7 Qg7 48. Qxg7+ Kxg7 49. Rc7 Rc8 50. Rxd7+ Kf6 51. fxe6 Kxe6 52. Ra7 Rc3 53.
Rd1 Rxb3 54. Rxa5 Ra3 55. Kg2 Ra2+ 56. Kh3 Bd2 57. Ra8 Bc3 58. a5 Kd6 59. a6
Kc6 60. Rb1 Ba5 1-0

[Event "SV Recklinghausen-Süd 1 - SC Mülheim "]
[Site "Verbandsliga, Gruppe 2 2017/2"]
[Date "2018.02.04"]
[Round "6.7"]
[White "Kucki, Hermann"]
[Black "Becker, Christian"]
[Result "1/2-1/2"]
[WhiteElo "1720"]
[BlackElo "1848"]
[PlyCount "43"]
[EventDate "2018.??.??"]

1. d4 c5 2. d5 e5 3. c4 d6 4. Nc3 Be7 5. e4 Bg5 6. Nf3 Bxc1 7. Qxc1 Nh6 8. Qg5
O-O 9. Qxd8 Rxd8 10. h3 Na6 11. a3 Nc7 12. Bd3 a6 13. b4 cxb4 14. axb4 f6 15.
O-O g5 16. b5 Kf7 17. b6 Ne8 18. Ra5 Bd7 19. Nd2 Rac8 20. Nb3 Ke7 21. Rc1 Nf7
22. Ne2 1/2-1/2

[Event "SV Recklinghausen-Süd 1 - SC Mülheim "]
[Site "Verbandsliga, Gruppe 2 2017/2"]
[Date "2018.02.04"]
[Round "6.8"]
[White "Stahlhofen, Thomas"]
[Black "Galle, Wolfgang"]
[Result "1/2-1/2"]
[WhiteElo "1823"]
[BlackElo "1736"]
[PlyCount "53"]
[EventDate "2018.??.??"]

1. c4 Nf6 2. Nc3 e6 3. b3 d5 4. e3 Be7 5. Nf3 O-O 6. Bb2 Nbd7 7. d4 b6 8. Bd3
Bb7 9. O-O Re8 10. Rc1 a6 11. cxd5 Nxd5 12. e4 Nxc3 13. Rxc3 Bb4 14. Rc1 Rc8
15. Bb1 Bf8 16. Qd3 g6 17. d5 Bg7 18. Bxg7 Kxg7 19. dxe6 Rxe6 20. Nd4 Rd6 21.
Qe3 Nf8 22. Nf3 Qe7 23. Rfd1 Rxd1+ 24. Rxd1 Rd8 25. Rxd8 Qxd8 26. Qd4+ Qxd4 27.
Nxd4 1/2-1/2

[Event "SC Doppelbauer Brambauer 1 - SC Gerthe "]
[Site "Verbandsliga, Gruppe 2 2017/2"]
[Date "2018.02.04"]
[Round "6.1"]
[White "Quast, Marcel"]
[Black "Schulz, Hartmut"]
[Result "1/2-1/2"]
[WhiteElo "2200"]
[BlackElo "2042"]
[PlyCount "40"]
[EventDate "2018.??.??"]

1. e4 c6 2. Nf3 d5 3. Nc3 Nf6 4. e5 Ne4 5. d4 Bg4 6. h3 Bh5 7. Bd3 Nxc3 8. bxc3
e6 9. Bd2 Nd7 10. O-O Be7 11. Qe2 b5 12. a4 a6 13. axb5 axb5 14. Rxa8 Qxa8 15.
g4 Bg6 16. h4 Nb6 17. h5 Bxd3 18. cxd3 h6 19. Ne1 Qa2 20. Ng2 b4 1/2-1/2

[Event "SC Doppelbauer Brambauer 1 - SC Gerthe "]
[Site "Verbandsliga, Gruppe 2 2017/2"]
[Date "2018.02.04"]
[Round "6.2"]
[White "Koth, Stefan"]
[Black "Topolewski, Dirk"]
[Result "1/2-1/2"]
[WhiteElo "2010"]
[BlackElo "2093"]
[PlyCount "40"]
[EventDate "2018.??.??"]

1. c4 e5 2. Nc3 Bb4 3. Qc2 Nc6 4. e3 Bxc3 5. Qxc3 a5 6. Nf3 d6 7. b3 Qf6 8. Bb2
Qg6 9. a3 Nf6 10. d3 O-O 11. g3 Qh5 12. Bg2 Bh3 13. O-O Rae8 14. Rae1 Ng4 15.
Nh4 Bxg2 16. Kxg2 b6 17. h3 Nf6 18. f4 e4 19. d4 Ne7 20. d5 Ng6 1/2-1/2

[Event "SC Doppelbauer Brambauer 1 - SC Gerthe "]
[Site "Verbandsliga, Gruppe 2 2017/2"]
[Date "2018.02.04"]
[Round "6.3"]
[White "Brueggestraß, Volker"]
[Black "Wagner, Norbert"]
[Result "1/2-1/2"]
[WhiteElo "2021"]
[BlackElo "2023"]
[PlyCount "63"]
[EventDate "2018.??.??"]

1. e4 d5 2. exd5 Qxd5 3. Nc3 Qd8 4. d4 c6 5. Bc4 Nf6 6. Nf3 Bf5 7. Ne5 e6 8. g4
Bg6 9. h4 Be4 10. Nxe4 Nxe4 11. Qf3 Nd6 12. Bb3 Nd7 13. Bf4 Nxe5 14. Bxe5 Qd7
15. O-O-O O-O-O 16. Qe3 Kb8 17. c4 Ka8 18. Kb1 h5 19. d5 exd5 20. cxd5 c5 21.
Qxc5 Qxg4 22. Bd4 Nc8 23. Qc7 Be7 24. Rhg1 Qh3 25. Bxg7 Rhe8 26. Qf4 Qxh4 27.
Qxf7 Bc5 28. Bf6 Qf4 29. Qg6 Ne7 30. Bxe7 Bxe7 31. Qxh5 Bf6 32. Qg4 1/2-1/2

[Event "SC Doppelbauer Brambauer 1 - SC Gerthe "]
[Site "Verbandsliga, Gruppe 2 2017/2"]
[Date "2018.02.04"]
[Round "6.4"]
[White "Bauch-Lojewski, Ralf"]
[Black "Berens, Thomas"]
[Result "1/2-1/2"]
[WhiteElo "1957"]
[BlackElo "1891"]
[Annotator "Daniel"]
[PlyCount "39"]
[EventDate "2018.??.??"]

1. d4 Nf6 2. c4 c5 3. d5 b5 4. cxb5 a6 5. e3 d6 6. Nc3 g6 7. Nf3 Bg7 8. Be2 O-O
9. O-O Qb6 10. a4 axb5 11. Bxb5 Ne8 12. Qd3 Nc7 13. Bd2 Nba6 14. Ne2 Rb8 15.
Bc3 $11 Nxb5 16. axb5 Qxb5 17. Qxb5 Rxb5 18. e4 Nc7 19. Ra7 Rb7 20. Rfa1
1/2-1/2

[Event "SC Doppelbauer Brambauer 1 - SC Gerthe "]
[Site "Verbandsliga, Gruppe 2 2017/2"]
[Date "2018.02.04"]
[Round "6.5"]
[White "Gottmann, Bernd"]
[Black "Zimmermann, Dirk"]
[Result "1-0"]
[WhiteElo "1912"]
[BlackElo "1918"]
[PlyCount "133"]
[EventDate "2018.??.??"]

1. d4 Nf6 2. c4 e6 3. Nc3 Bb4 4. e3 O-O 5. Nge2 d5 6. a3 Be7 7. Nf4 b6 8. cxd5
exd5 9. Bd3 c5 10. dxc5 Bxc5 11. Ncxd5 Nxd5 12. Nxd5 Bb7 13. Be4 Nc6 14. O-O
Qh4 15. Qc2 Rfe8 16. Nc3 Bd6 17. g3 Qh6 18. Bg2 Rac8 19. e4 Qe6 20. Be3 Be5 21.
Rad1 Bxc3 22. Qxc3 Na5 23. Qb4 Rc4 24. Qd6 Qxd6 25. Rxd6 Bxe4 26. Rd7 Bxg2 27.
Kxg2 Rc2 28. Rxa7 Nc4 29. Bd4 h5 30. b3 Nd2 31. Rd1 b5 32. b4 f6 33. Bc5 Kh7
34. Re7 Rxe7 35. Bxe7 Kg6 36. Bc5 Ra2 37. h4 Nc4 38. Rd7 Nxa3 39. Bf8 Rb2 40.
Rxg7+ Kf5 41. Rd7 Kg6 42. Rd5 Rc2 43. Bc5 Rc4 44. Rd4 Rc3 45. Rd6 Rc4 46. Rb6
Kf7 47. Kh3 Re4 48. f3 Rc4 49. g4 hxg4+ 50. fxg4 Rc3+ 51. Kg2 Rc4 52. Kg3 Re4
53. h5 Kg7 54. Rb7+ Kg8 55. h6 Nc4 56. Rxb5 Ne5 57. Rb7 Rxg4+ 58. Kh3 Rg6 59.
Be3 Nc4 60. Bf4 Ne5 61. b5 Nd3 62. Be3 Ne5 63. b6 Ng4 64. h7+ Kh8 65. Bd4 Nh6
66. Rd7 Nf5 67. b7 1-0

[Event "SC Doppelbauer Brambauer 1 - SC Gerthe "]
[Site "Verbandsliga, Gruppe 2 2017/2"]
[Date "2018.02.04"]
[Round "6.6"]
[White "Jochmann, Christian"]
[Black "Loeffelbein, Klaus"]
[Result "1/2-1/2"]
[WhiteElo "1805"]
[BlackElo "1855"]
[PlyCount "92"]
[EventDate "2018.??.??"]

1. e4 c5 2. Nc3 Nc6 3. g3 g6 4. Bg2 Bg7 5. d3 d6 6. f4 e5 7. Nf3 Nge7 8. O-O
O-O 9. h3 a6 10. Be3 Nd4 11. Qd2 Bd7 12. Rae1 Rc8 13. Nh4 Bf6 14. fxe5 Bxe5 15.
Kh2 Be6 16. Bh6 Bg7 17. Rf2 Nec6 18. Bxg7 Kxg7 19. Nd1 Ne7 20. c3 Ndc6 21. b3
d5 22. e5 d4 23. c4 Nf5 24. Nxf5+ Bxf5 25. g4 Be6 26. Rfe2 Qh4 27. Re4 h5 28.
g5 Bg4 29. Kg1 Rh8 30. hxg4 hxg4 31. Qf4 Rce8 32. Rf1 Re7 33. Nf2 Rh5 34. Nxg4
Rxg5 35. Rf3 Rxg4 36. Qxg4 Qxg4 37. Rxg4 Nxe5 38. Re4 Nxf3+ 39. Bxf3 Rxe4 40.
Bxe4 b6 41. Kf2 f5 42. Bb7 a5 43. Kg3 g5 44. Bc8 Kf6 45. Bd7 Ke5 46. Kf3 Kf6
1/2-1/2